Datum a čas kvízu
27
Celkem bodů
Celkový počet nahraných bodů na tomto kvízu bez doplňovacích otázek.
5.
Pořadí na kvízu
Konečné umístění týmu na tomto kvízu.
Zaznamenané odpovědi
| # | Otázka | Odpověď | Body | Výsledky |
|---|---|---|---|---|
| 1. | Česká televize chtěla ve čtvrt... | Hamáčkův hlas zněl velmi hluboko. | 1 | |
| 2. | Rusko začalo distribuovat prvn... | Sputnik | 1 | |
| 3. | Minulý týden byla v pražské ga... | David Černý | 1 | |
| 4. | Američtí biologové naklonovali... | Převalského | 0 | |
| 5. | Jak se jmenuje zkušený hokejis... | Tomáš Plekanec | 1 | |
| 6. | Nobelova cena je od roku 1901... | ekonomie | 1 | |
| 7. | Pouze dvěma Čechům v historii... | Jaroslav Heyrovský, Jaroslav Seifert | 1 | |
| 8. | V roce 1954 obdržel Nobelovu c... | Ernest Hemingway, Stařec a moře | 1 | |
| 9. | Přiřaďte laureáty Nobelových c... | 1D 2B 3A 4C | 1 | |
| 10. | Vyberte nepravdivé tvrzení o p... | C | 0 |